00569nam a2200169Ia 4500999001100000020001400011082001300025245009800038260003900136300001400175504001900189650003000208650002200238700003100260942000700291952010100298 c27d27 a123456789 a378 HIG- 0aHigher education in nine countries: ba comparative study of colleges and universities abroad aNew YorkbMc Graw- Hill Bookc1971 aviii, 385 aincludes index aUniversities and Colleges aEducation, Higher aBarbara B. Burn [et....al] cBK 00104070aNASSDOCbNASSDOCd2004-06-08l0o378 HIG-p1949r2019-04-18 00:00:00w2019-04-18yBK